| 000 | 01000nam a22001817a 4500 | ||
|---|---|---|---|
| 005 | 20230516120039.0 | ||
| 008 | 130703t mx ||||| |||| 00| 0 spa d | ||
| 050 | 0 | 4 |
_aTA147 _bC66 1970 |
| 110 | 2 |
_aComisión Federal de Electricidad (México). _bInstituto de Investigaciones de la Industria Eléctrica |
|
| 245 | 0 | 0 |
_aManual de Diseño de Obras Civiles _c / Comisión Federal de Electricidad, Instituto de Investigaciones de la Industria Eléctrica |
| 250 | _a1a ed. | ||
| 260 |
_aMéxico : _bComisión Federal de Electricidad , _c1970 |
||
| 300 |
_av. : _bil. ; _c23 cm. |
||
| 504 | _aIncluye bibliografía | ||
| 505 |
_tSección A. Datos Hidrológicos y Geológicos-- _tSección B. Solicitaciones -- _tSección C. Suelos y Rocas -- _tSección D. Tecnología del Concreto -- _tSección F. Análisis Estructural -- _tSección G. Estructuras de Tierra y Roca -- _tSección H. Concreto Reforzado -- _tSección I. Estructuras de Acero -- |
||
| 650 | 7 |
_2lemb _aIngeniería Civil _vManuales |
|
| 942 |
_2lcc _cLIB |
||
| 999 |
_c38912 _d38912 |
||